| 000 | 00695nam a22002417a 4500 | ||
|---|---|---|---|
| 003 | UA-OsUOA | ||
| 001 | 30629 | ||
| 007 | ta | ||
| 008 | 20041111b un ||||| |||| 00| 0 ukr d | ||
| 100 | _aПерцов В. | ||
| 090 |
_a82.09(470+571) _bП27 |
||
| 942 | _cBK | ||
| 040 |
_aUA-OsUOA _brus _cUA-OsUOA _dUA-OsUOA |
||
| 245 |
_aМаяковский _bЖизнь и творчество после Великой Октябрьской Революции |
||
| 300 | _a496 с. | ||
| 955 | _a0 | ||
| 041 | _arus | ||
| 080 | _a82.09(470+571) | ||
| 260 |
_aМосква _bИздательство Академии наук СССР _c1956 |
||
| 044 | _aRU | ||
| 650 | 7 | _2UDC | |
| 999 |
_c317042 _d317042 |
||